Strategic human resource management : an Indian perspective /

Detalhes bibliográficos
Autor principal: Sharma, Anuradha, 1942-
Outros Autores: Khandekar, Aradhana, 1965-
Formato: Livro
Idioma:English
Publicado em: New Delhi ; Thousand Oaks, Calif. : Response Books, 2006.
Assuntos:
Classic Catalogue: View this record in Classic Catalogue
LEADER 01686nam a2200325 a 4500
001 14409758
003 BD-DhAAL
005 20250713150326.0
008 091115s2006 ii a b 001 0 eng d
010 |a \\2006019473 
020 |a 9780761933601 (pbk.) 
020 |a 0761933603 (pbk.) 
040 |a DLC  |c DLC  |d BAKER  |d C#P  |d DLC  |d BD-DhAAL 
082 0 0 |a 658.3/01  |2 22 
100 1 |a Sharma, Anuradha,  |d 1942-  |9 58733 
245 1 0 |a Strategic human resource management :  |b an Indian perspective /  |c Anuradha Sharma, Aradhana Khandekar. 
260 |a New Delhi ;  |a Thousand Oaks, Calif. :  |b Response Books,  |c 2006. 
300 |a 264 pages :  |b illustrations ;  |c 25 cm. 
504 |a Includes bibliographical references (p. [227]-259) and index. 
505 0 |a Introduction -- Models of strategic HRM -- Strategic HRM in India: emerging dimensions -- Strategic HRM in India : understanding the manager's perception and the corporate world -- Case studies of global organizations operating in India : the strategic HR perspective -- Epilogue. 
526 |x Requisitioned by Faculties of BBS Course name and no : N/A 
541 1 |a Karim International  |e 00019587 
650 0 |a Personnel management  |z India.  |9 17403 
650 0 |a Strategic planning  |z India.  |9 57431 
650 0 |a Management. 
700 1 |a Khandekar, Aradhana,  |d 1965-  |9 58734 
852 4 |a Ayesha Abed Library  |j General shelf 
942 |2 ddc  |c BK 
999 |c 5514  |d 5514 
952 |0 0  |1 0  |2 ddc  |4 0  |6 658_301000000000000_SHA  |7 0  |9 5388  |a BRACUL  |b BRACUL  |c GEN  |d 2009-11-15  |e Karim International  |g 408.00  |l 2  |m 20  |o 658.301 SHA  |p 3010019587  |r 2022-09-25  |s 2020-11-15  |t 1  |v 416.00  |w 2009-11-15  |y BK  |x Requisitioned by Faculties of BBS. Course name and no. "not available".